Normal view
MARC view
- Sidra Rana
Entry Personal Name
001 - CONTROL NUMBER
- control field: 15768
003 - CONTROL NUMBER IDENTIFIER
- control field: NUST
005 - DATE AND TIME OF LATEST TRANSACTION
- control field: 20190627105307.0
008 - FIXED-LENGTH DATA ELEMENTS
- fixed length control field: 190627|| aca||aabn | a|a d
040 ## - CATALOGING SOURCE
- Original cataloging agency: NUST
- Transcribing agency: NUST
100 ## - HEADING--PERSONAL NAME
- Personal name: Sidra Rana
670 ## - SOURCE DATA FOUND
- Source citation: Work cat.: (NUST): Sidra Rana , SILVER NANOPARTICLES- FUNCTIONALIZED POLYMERIC MEMBRANES FOR WATER DISINFECTION /, 2014.
